000 00496nam a2200181Ia 4500
005 20250508150714.0
008 008 250505s9999 xx 000 0 eng d
037 _aTextual
040 _aFEDL
_beng
_cFEDL
041 _aeng
_2eng
084 _a364.243, BIN
_qFEDL
100 _aBinney Cecil
_9757426
245 0 _aCrime and abnormality
260 _aLondon, UK
_bOxford Univeristy Press
_c1949
300 _a176p.
942 _cTEXL
_h364.243, BIN
999 _c1325163
_d1325163